|
|
|
|
| LEADER |
02360nam a2200601 i 4500 |
| 001 |
nkc20182987724 |
| 003 |
CZ PrNK |
| 005 |
20180710080033.0 |
| 007 |
ta |
| 008 |
180406s2017 xr e p 000 0 ruso |
| 015 |
|
|
|a cnb002987724
|
| 020 |
|
|
|a 978-80-244-5249-4
|q (brožováno)
|
| 035 |
|
|
|a (OCoLC)1035451133
|
| 040 |
|
|
|a ABA001
|b cze
|e rda
|
| 072 |
|
7 |
|a 811.161.1
|x Ruština
|2 Konspekt
|9 11
|
| 072 |
|
7 |
|a 37.016
|x Učební osnovy. Vyučovací předměty. Učebnice
|2 Konspekt
|9 22
|
| 080 |
|
|
|a 811.161.1
|2 MRF
|
| 080 |
|
|
|a 811.162.3
|2 MRF
|
| 080 |
|
|
|a 81'366
|2 MRF
|
| 080 |
|
|
|a 81'362
|2 MRF
|
| 080 |
|
|
|a (075.8)
|2 MRF
|
| 100 |
1 |
|
|a Archanhel‘s‘ka, Alla Mstyslavìvna
|7 hka2012683292
|4 aut
|
| 245 |
1 |
0 |
|a Morfologija sovremennogo russkogo jazyka v sopostavlenii s češskim =
|b Morfologie současné ruštiny ve srovnání s češtinou /
|c Alla Archangel'skaja, Vaclav Slovak
|
| 246 |
3 |
1 |
|a Morfologie současné ruštiny ve srovnání s češtinou
|
| 250 |
|
|
|a 1-e izdanije
|
| 264 |
|
1 |
|a Olomouc :
|b izdano Izdatel'stvom Olomouckogo Universiteta,
|c 2017
|
| 300 |
|
|
|a 193 stran ;
|c 29 cm
|
| 336 |
|
|
|a text
|b txt
|2 rdacontent
|
| 337 |
|
|
|a bez média
|b n
|2 rdamedia
|
| 338 |
|
|
|a svazek
|b nc
|2 rdacarrier
|
| 490 |
1 |
|
|a Studijní texty
|
| 500 |
|
|
|a Nad názvem: Universitet im. F. Palackogo v Olomouce, Filosofskij fakul'tet, kafedra slavistiki
|
| 504 |
|
|
|a Obsahuje bibliografii
|
| 650 |
0 |
7 |
|a ruština
|7 ph125351
|2 czenas
|
| 650 |
0 |
7 |
|a čeština
|7 ph135292
|2 czenas
|
| 650 |
0 |
7 |
|a morfologie (lingvistika)
|7 ph139266
|2 czenas
|
| 650 |
0 |
7 |
|a komparativní mluvnice
|7 ph117213
|2 czenas
|
| 650 |
0 |
9 |
|a Russian language
|2 eczenas
|
| 650 |
0 |
9 |
|a Czech language
|2 eczenas
|
| 650 |
0 |
9 |
|a morphology (linguistics)
|2 eczenas
|
| 650 |
0 |
9 |
|a comparative grammar
|2 eczenas
|
| 655 |
|
7 |
|a učebnice vysokých škol
|7 fd133772
|2 czenas
|
| 655 |
|
9 |
|a textbooks (higher)
|2 eczenas
|
| 700 |
1 |
|
|a Slovák, Václav
|7 mzk2016902563
|4 aut
|
| 710 |
2 |
|
|a Univerzita Palackého.
|b Katedra slavistiky
|7 kn20010709127
|4 isb
|
| 810 |
2 |
|
|a Univerzita Palackého.
|t Studijní texty
|0 s
|
| 910 |
2 |
|
|a BOA001
|b 4-1406.022
|
| 928 |
9 |
|
|a Izdatel'stvo Olomouckogo Universiteta
|
| 928 |
9 |
|
|a Univerzita Palackého
|
| 990 |
|
|
|a BK
|
| 995 |
|
|
|a 01
|
| 991 |
|
|
|b 201804
|c NOV
|
| 996 |
6 |
|
|b 2610740066
|c 4-1406.022
|l MZK
|r Sklad / do 1 hodiny
|n 1
|p p.v.
|w 001659353
|u 000010
|a 1
|e BOA001
|j MZK50
|s P
|